Statistics for Come Back...Be Here (TV) - Taylor Swift (All Lyrics)

Click here to take the quiz!

General Stats

  • This quiz has been taken 12 times
  • The average score is 251 of 323

Answer Stats

Lyrics% Correct
back,
100%
back
100%
be
100%
Come
100%
here
100%
a
91%
I
91%
In
91%
in
91%
like
91%
The
91%
the
91%
when
91%
you
91%
You
91%
your
91%
you're
91%
And
82%
and
82%
at
82%
"Don't
82%
don't
82%
is
82%
it
82%
my
82%
That
82%
that
82%
to
82%
wanna
82%
was
82%
AM,
73%
are
73%
feelin'
73%
for
73%
get
73%
If
73%
know
73%
love
73%
me
73%
miss
73%
One
73%
said
73%
sinks
73%
then
73%
This
73%
this
73%
way
73%
4
64%
about
64%
all
64%
But
64%
but
64%
day
64%
fall
64%
guess
64%
had
64%
How
64%
it's
64%
just
64%
kiss,
64%
last
64%
London
64%
long
64%
mind,
64%
Oh,
64%
oh
64%
Right
64%
today
64%
told
64%
took
64%
with
64%
attached"
55%
away
55%
can
55%
can't
55%
catch
55%
'Cause
55%
cruelest
55%
down
55%
fallin'
55%
faster
55%
flight
55%
goodbye
55%
known
55%
much
55%
myself,
55%
need
55%
never
55%
New
55%
not
55%
now
55%
plane
55%
play
55%
second
55%
simple
55%
so
55%
Spinning
55%
strange
55%
Stumbled
55%
than
55%
through
55%
what
55%
Without
55%
worlds
55%
York
55%
York,
55%
anything
45%
around
45%
beginnin'
45%
break
45%
bring
45%
busy
45%
cabs
45%
delicate
45%
fair
45%
falling
45%
help
45%
knowing
45%
nonchalant
45%
played
45%
put
45%
rush
45%
streets
45%
Taxi
45%
wish
45%
would've
45%

Score Distribution

Percentile by Number Answered

Percent of People with Each Score

Your Score History

You have not taken this quiz